000 00658nam a2200205 i 4500
001 76168
003 ES-MaACL
005 20230906172735.0
007 t|
008 040929s1970 sp ||||1| spa d
100 1 _aGüell, Francisco.
_960418
245 1 0 _aMalas hierbas
_b: diccionario clasificatorio ilustrado /
_cpor Francisco Güell.
250 _a[1ª ed.].
260 _aVilassar de Mar, Barcelona :
_bOikos-Tau,
_c1970.
300 _a217 p. :
_bil. ;
_c19 cm.
490 1 _aTratados de especialización agrícola
830 0 _aTratados de especialización agrícola
_9231280
852 _aES-MaACL
_jC-46465
_bR.74732
999 _c76168
_d76168